Design of concrete structures (Record no. 3628)

000 -LEADER
fixed length control field 00663nam a2200229 a 4500
001 - CONTROL NUMBER
control field 3628
003 - CONTROL NUMBER IDENTIFIER
control field BD-DhUET
008 - FIXED-LENGTH DATA ELEMENTS--GENERAL INFORMATION
fixed length control field 850621s1985 enka b 101 0 eng
020 ## - INTERNATIONAL STANDARD BOOK NUMBER
International Standard Book Number 007Y665486
040 ## - CATALOGING SOURCE
Original cataloging agency DLC
Transcribing agency DLC
Modifying agency BD-DhUET
082 00 - DEWEY DECIMAL CLASSIFICATION NUMBER
Classification number 624.183
Item number NIL/1986
100 ## - MAIN ENTRY--PERSONAL NAME
Personal name Nilson, Arthur H.
245 00 - TITLE STATEMENT
Title Design of concrete structures
Statement of responsibility, etc. by Arthur H. Nilson and George Winter
250 ## - EDITION STATEMENT
Edition statement 10th ed.
260 ## - PUBLICATION, DISTRIBUTION, ETC. (IMPRINT)
Place of publication, distribution, etc. New York:
Name of publisher, distributor, etc. McGraw Hill Book Company,
Date of publication, distribution, etc. 1986.
300 ## - PHYSICAL DESCRIPTION
Extent xi, 380 p. :
Other physical details ill. ;
Dimensions 23 cm.
490 ## - SERIES STATEMENT
Series statement Civil engineering series
504 ## - BIBLIOGRAPHY, ETC. NOTE
Bibliography, etc Includes bibliographies
650 #0 - SUBJECT ADDED ENTRY--TOPICAL TERM
Topical term or geographic name as entry element Reinforced concrete
700 ## - ADDED ENTRY--PERSONAL NAME
Personal name Winter, George
942 ## - ADDED ENTRY ELEMENTS (KOHA)
Koha item type General Book
Holdings
Koha renewals Not for loan Date acquired Price effective from Koha date last seen Location (home branch) Koha issues (times borrowed) Damaged status Piece designation (barcode) Copy number Withdrawn status Koha full call number Source of classification or shelving scheme Sublocation or collection (holding branch) Koha normalized classification for sorting Koha out on loan Lost status Koha item type Koha date last borrowed Shelving location
1 2014-11-022014-11-022026-02-23Central Library, BUET6 778731 624.183/NIL/1986 Central Library, BUET624_000000000000000_183NIL19862027-02-23 General Book2026-02-23Circulation section
  1990-10-232024-12-042024-12-04Central Library, BUET  77816১০/ক-১ 624.183 NIL/1986 Central Library, BUET624_183000000000000_NIL_1986  Rental Item Rental section
  1990-10-232024-12-042024-12-04Central Library, BUET  77817১০/ক-২ 624.183 NIL/1986 Central Library, BUET624_183000000000000_NIL_1986  Rental Item Rental section
  1990-10-232024-12-042024-12-04Central Library, BUET  77818১০/ক-৩ 624.183 NIL/1986 Central Library, BUET624_183000000000000_NIL_1986  Rental Item Rental section
  1990-10-232024-12-042024-12-04Central Library, BUET  77819১০/ক-৪ 624.183 NIL/1986 Central Library, BUET624_183000000000000_NIL_1986  Rental Item Rental section
  1990-10-232024-12-042024-12-04Central Library, BUET  77820১০/ক-৫ 624.183 NIL/1986 Central Library, BUET624_183000000000000_NIL_1986  Rental Item Rental section
  1990-10-232024-12-042024-12-04Central Library, BUET  77821১০/ক-৬ 624.183 NIL/1986 Central Library, BUET624_183000000000000_NIL_1986  Rental Item Rental section
  1990-10-232024-12-042024-12-04Central Library, BUET  77822১০/ক-৭ 624.183 NIL/1986 Central Library, BUET624_183000000000000_NIL_1986  Rental Item Rental section
  1990-10-232024-12-042024-12-04Central Library, BUET  77823১০/ক-৮ 624.183 NIL/1986 Central Library, BUET624_183000000000000_NIL_1986  Rental Item Rental section
  1990-10-232024-12-042024-12-04Central Library, BUET  77824১০/ক-৯ 624.183 NIL/1986 Central Library, BUET624_183000000000000_NIL_1986  Rental Item Rental section
  1990-10-232024-12-042024-12-04Central Library, BUET  77825১০/ক-১০ 624.183 NIL/1986 Central Library, BUET624_183000000000000_NIL_1986  Rental Item Rental section
  1990-10-232024-12-042024-12-04Central Library, BUET  77826১০/ক-১১ 624.183 NIL/1986 Central Library, BUET624_183000000000000_NIL_1986  Rental Item Rental section
  1990-10-232024-12-042024-12-04Central Library, BUET  77827১০/ক-১২ 624.183 NIL/1986 Central Library, BUET624_183000000000000_NIL_1986  Rental Item Rental section
  1990-10-232024-12-042024-12-04Central Library, BUET  77828১০/ক-১৩ 624.183 NIL/1986 Central Library, BUET624_183000000000000_NIL_1986  Rental Item Rental section
  1990-10-232024-12-042024-12-04Central Library, BUET  77829১০/ক-১৪ 624.183 NIL/1986 Central Library, BUET624_183000000000000_NIL_1986  Rental Item Rental section
  1990-10-232024-12-042024-12-04Central Library, BUET  77830১০/ক-১৫ 624.183 NIL/1986 Central Library, BUET624_183000000000000_NIL_1986  Rental Item Rental section
  1990-10-232024-12-042024-12-04Central Library, BUET  77831১০/ক-১৬ 624.183 NIL/1986 Central Library, BUET624_183000000000000_NIL_1986  Rental Item Rental section
  1990-10-232024-12-042024-12-04Central Library, BUET  77832১০/ক-১৭ 624.183 NIL/1986 Central Library, BUET624_183000000000000_NIL_1986  Rental Item Rental section
  1990-10-232024-12-042024-12-04Central Library, BUET  77833১০/ক-১৮ 624.183 NIL/1986 Central Library, BUET624_183000000000000_NIL_1986  Rental Item Rental section
  1990-10-232024-12-042024-12-04Central Library, BUET  77834১০/ক-১৯ 624.183 NIL/1986 Central Library, BUET624_183000000000000_NIL_1986  Rental Item Rental section
  1990-10-232024-12-042024-12-04Central Library, BUET  77835১০/ক-২০ 624.183 NIL/1986 Central Library, BUET624_183000000000000_NIL_1986  Rental Item Rental section